Регионална библиотека "Любен Каравелов" - Русе

Полето (Запис номер 167235)

MARC детайли
000 -Лидер
Контролно поле с фиксирана дължина 01639nam a2200361 c 4500
003 - Код на организацията, давaща контролен номер
Контролно поле BLK
005 - Дата и час на последна редакция
Контролно поле 20180422114156.0
008 - Елементи от данни с фиксирана дължина
fixed length control field 180411b bul|||||r ||||||| ||bul||
010 ## - Наследен системен номер
LC control number KNG00175031000
020 ## - Международен стандартен номер на книга ISBN
Международен стандартен номер на книга ISBN 978-954-655-439-0
-- издат.: Бард
040 ## - Източник на каталожния запис
Идентификатор на билиотеката - собственик на записа BLK
041 ## - Код за език
Код за езика на текст/звукозапис или на отделно заглавие Български
Код за езика КДБФ Български
072 #7 - Код за тематичната категория
Код организация bullib
Код за тематична категория Н00
Текст Общ отдел Н
080 ## - УДК
Текстов определител УДК Разпространяване на научните знания - популяризиране на науката, занимателна наука, учение за явленията научно необяснени, заблуждения и фалшификации, илюзии и др. п., секретност на научните знания
УДК код - определител по УДК 001.9
УДК определител
УДК - код + определител 001.9
100 1# - Редна дума - Автор
Автор МакТагарт, Лин
Авторска отговорност първи автор
R(LIN) 91475
139 ## - Редно поле
Редна дума МакТагарт, Лин
Авторски знак Мак - М 19
245 10 - Сведения за заглавието
Заглавие Полето
Подзаглавни данни В търсене на тайната сила на Вселената
Редно поле (дума) Лин МакТагарт; прев. Анна Балева.
257 ## - Страна на издаване
Страна на създаване/издаване Съединени американски щати
260 ## - Област на издателските данни
-- София
Име на издателя, разпространителя и проч. Бард
Година на издаване 2013
Печатница Хасково : Полиграфюг
300 ## - Физическа характеристика
Страници 382 с.
Размери/Мащаб 21 см
380 ## - Жанр
Жанр Общ отдел
500 ## - Общи забележки
Забележка Ориг. загл.: The field / Lynne Mctaggart. - Библиогр.: с. 353-381.
650 #4 - Допълнително описание по предмет – тема
Основно описание – тема или топоним Наука и окултизъм
9 (RLIN) 270280
653 ## - Ключова дума – ненормативна
Ключова дума наука
653 ## - Ключова дума – ненормативна
Ключова дума окултизъм
659 ## - Тематичен бюлетин
Тематичен бюлетин Н
700 1# - Други автори (авторска отговорност)
Лично име Балева, Анна
Автороска отговорност (Описва отношението между автора и произведението) прев.
9 (RLIN) 380662
852 ## - Местоположение
Форматна сигнатура Цб 274162
856 4# - Електронен адрес и достъп
Електронен формат pdf - файл
Път до файла /url/
856 4# - Електронен адрес и достъп
Електронен формат pdf - файл
Път до файла /url/
942 ## - АРТИКУЛИ
Вид на библиотечния материал Книги
Скрит в OPAC Не
944 ## - СЪЗДАВАНЕ И РЕДАКЦИЯ на ЗАПИСА
Създаване/Редакция Създаване
Дата на регистрацията/редакция 11.05.2015
Служител, извършил регистрацията/редакцията Виолета_Тройчева
944 ## - СЪЗДАВАНЕ И РЕДАКЦИЯ на ЗАПИСА
Създаване/Редакция Редакция
Дата на регистрацията/редакция 01.10.2015
Служител, извършил регистрацията/редакцията Грета_Цуфелде
999 ## - СИСТЕМНИ КОНТРОЛНИ НОМЕРА
Koha biblionumber 167235
Koha biblioitemnumber 167235
Наличности
Код за отписване Код за изгубен артикул Код за повреда Коз за рестрикции Код за отдаване Артикулен № Име на библиотеката - собственик Име на библиотеката, в която се намира в момента Статус (Текущо местоположение) Дата на вписване в системата Местоположение - отдел Цена в лева Инвентарен номер Систематично азбучна сигнатура Баркод Номер на екземпляра Цена в евро Служебна бележка Служебен тип на артикула
  Не е изгубен Не е повреден без рестрикции ползва се в читалня 281704 Регионална библиотека "Любен Каравелов" Русе Регионална библиотека "Любен Каравелов" Русе Хранилище 2015-05-12 Хранилище 15.99 120000787835 Цб 274162 120000787835 1 8.18 Дост: Dp Вид: Д N: 45 Дата: 15.10.2014 Книги
Vip Innovations Ltd, Rousse, Bulgaria 2025